00732cam a2200205 a 450000100100000000500170001000800410002702000150006804000230008308200180010610000460012424500580017026000300022830000280025865000280028665000420031491000340035695201210039099900150051100000516020200929151609.0880610s1986 sp a 001 f spa  a8420690538 aDO-SdBNPcDLCdDLC a863.64bS211t1 aSánchez Ferlosio, Rafael,d1927-91476213aEl testimonio de Yarfoz /cRafael Sánchez Ferlosio. aMadrid :bAlianza,c1986. a334 p. :bil. ;c20 cm. 4aNovela española91123 4aLiteratura españolaySIGLO XX93326 aCatalogación por copia / LC 001052708MOaGRbGRcCTd2009-07-29iLF1l0o863.64 S211tp5160-10r2020-06-25w2020-06-25y2ZPréstamo interno c4963d4963